Sudirman penghibur no 1 [ MTV/VCD/Karaoke dengan vokal original

General viewing for all ages (U)

Bibliographic Details
Format: Book
Published: Kuala Lumpur : EMI (Malaysia) Sdn Bhd , 2004
Subjects:

MARC

LEADER 00000cam a2200000 7i4500
001 0000087708
005 20050215.0
090 0 0 |a MUZ   |b SUD 
245 0 0 |a Sudirman penghibur no 1 [  |h cd music] :   |b MTV/VCD/Karaoke dengan vokal original 
260 |a Kuala Lumpur :   |b EMI (Malaysia) Sdn Bhd ,   |c 2004 
300 |a 1 CD music (71 minutes) :   |b col 
500 |a Library has 3 copies 
520 0 |a General viewing for all ages (U) 
650 0 0 |a Malay song 
999 |a AV 09525   |b CD MUSIC   |c MUZIK   |e PERPUSTAKAAN KOMUNITI PETALING JAYA 
999 |a AV 10647   |b CD MUSIC   |c MUZIK   |e PERPUSTAKAAN KOMUNITI PETALING JAYA